000 01750nam a22004937a 4500
001 000095518
003 CHAP
005 20220329143113.0
008 060331d2005 mx r 00110 spa d
010 _a91984
011 _a92956
035 _a103523
040 _cCHAP
090 _aTesis
100 1 _aCabrera Meza, Janet.
_916685
245 1 0 _aDinámica poblacional de bacterias en el proceso de composteo /
_c/por Janet Cabrera Mez y Violeta Carrasco Hernández.
260 _aChapingo, Méx. :
_bEl autor,
_c2005.
300 _a165 h.
502 _aTesis (Ing. Agroindustrial) - - UACH. Departamento de Ingeniería Agroindustrial
590 _aALEPH
_b10
_c20130110
_lUCH01
_h1511
590 _aBATCH-UPD
_b10
_c20130110
_lUCH01
_h0830
590 _aBATCH-UPD
_b10
_c20130410
_lUCH01
_h0507
590 _aBATCH-UPD
_b10
_c20130914
_lUCH01
_h0516
590 _aBATCH-UPD
_b10
_c20130914
_lUCH01
_h2136
590 _aBATCH-UPD
_b10
_c20140324
_lUCH01
_h1455
590 _aBATCH-UPD
_b10
_c20141002
_lUCH01
_h0829
590 _aBATCH
_b00
_c20181121
_lUCH01
_h0759
590 _aCONVERSION
_b10
_c20130109
_lUCH01
_h1351
590 _aE11695DGD
_b10
_c20130530
_lUCH01
_h1434
650 1 4 _aBacterias
_xIdentificación.
_99320
650 1 4 _aCompost.
_926105
650 1 4 _aResiduos orgánicos.
_996116
650 1 4 _aSalmonella.
_9101764
650 1 4 _aStaphylococcus aureus.
_9109472
700 1 _aCarrasco Hernández, Violeta.
_919348
856 _3Finding aid
_uhttp://10.13.5.2/tesis/103523.pdf
_zTeclea aquí
856 _a1
_n0001112
901 _aBK
905 _aLilia
942 _cCD
942 _n0
949 _aTesis
_bBC
_cTES
_d00000001035231
_eTS1
_h45033
_i103523
_sb
949 _aTesis
_bBC
_cTES
_d33724000984050
_eTS2
_fc.2
_h45034
_i103523
_si
999 _c91984
_d91984